[Event "Nordsjaelland Weekend EMT 2019"]
[Site "Allerod"]
[Date "2019.01.05"]
[Round "3.1"]
[White "Hector, Jonny"]
[Black "Antonsen, Mikkel"]
[Result "1/2-1/2"]
[WhiteElo "2492"]
[BlackElo "2433"]
[PlyCount "104"]
[EventDate "2019.??.??"]
[EventCountry "DEN"]

1. e4 {39} e5 {14} 2. Nf3 {28} Nf6 {18} 3. d4 {56} Nxe4 {41} 4. dxe5 {11} d5 {
16} 5. Nbd2 {31} Nc5 {158} 6. Nb3 {33} Ne6 {3} 7. Nbd4 {99} Nxd4 {159} 8. Qxd4
{144} Be7 {117} 9. Bf4 {381} c5 {118} 10. Qd2 {174} h6 {106} 11. h4 {182} Be6 {
66} 12. g3 {167} Qd7 {93} 13. Bg2 {14} Nc6 {7} 14. a3 {43} d4 {185} 15. O-O {
582} Bd5 {328} 16. Rfe1 {228} Nd8 {433} 17. c3 {250} Ne6 {274} 18. cxd4 {64} g5
{922} 19. Be3 {203} Bxf3 {704} 20. Bxf3 {24} cxd4 {4} 21. Rad1 {199} Bc5 {268}
22. b4 {434} Bb6 {3} 23. Qd3 {49} gxh4 {47} 24. Bd2 {127} hxg3 {10} 25. fxg3 {
32} h5 {87} 26. Rc1 {404} h4 {141} 27. a4 {169} Bd8 {234} 28. g4 {510} Bg5 {9}
29. a5 {119} a6 {105} 30. Be4 {243} Bxd2 {211} 31. Qxd2 {6} Rd8 {54} 32. b5 {93
} Qxb5 {154} 33. Rb1 {13} Qc5 {11} 34. Rxb7 {45} Qc3 {179} 35. Qxc3 {437} dxc3
{4} 36. Rb3 {190} Rg8 {106} 37. Rxc3 {64} Rxg4+ {9} 38. Kh1 {22} Rg3 {101} 39.
Rxg3 {176} hxg3 {9} 40. Kg2 {27} Rd2+ {47} 41. Kxg3 {6} Ra2 {8} 42. Bd5 {109}
Rxa5 {19} 43. Bxe6 {10} fxe6 {4} 44. Kf4 {35} Kf7 {203} 45. Ke4 {70} Rb5 {82}
46. Rc1 {144} a5 {37} 47. Rc6 {29} a4 {36} 48. Ra6 {10} Rb4+ {5} 49. Kd3 {23}
Rg4 {30} 50. Kc2 {23} Rh4 {88} 51. Kb2 {30} Re4 {48} 52. Kc2 {26} Rxe5 {50}
1/2-1/2

[Event "Nordsjaelland Weekend EMT 2019"]
[Site "Allerod"]
[Date "2019.01.05"]
[Round "3.2"]
[White "Hoi, Carsten"]
[Black "Ramsdal, Jens Albert"]
[Result "1-0"]
[WhiteElo "2413"]
[BlackElo "2211"]
[PlyCount "147"]
[EventDate "2019.??.??"]
[EventCountry "DEN"]

1. d4 {43} Nf6 {19} 2. c4 {54} g6 {12} 3. Nc3 {5} Bg7 {3} 4. e4 {19} d6 {5} 5.
f3 {87} O-O {131} 6. Be3 {54} c5 {7} 7. Nge2 {74} Nc6 {10} 8. Qd2 {96} Qa5 {9}
9. d5 {335} Ne5 {7} 10. Nc1 {77} a6 {515} 11. Be2 {622} Bd7 {600} 12. f4 {237}
Neg4 {18} 13. Bg1 {64} b5 {985} 14. Bf3 {104} Bh6 {477} 15. Nd3 {910} bxc4 {320
} 16. h3 {23} cxd3 {262} 17. hxg4 {243} Bg7 {4} 18. Be3 {545} Nxg4 {129} 19.
Bxg4 {53} Bxg4 {3} 20. f5 {91} Rab8 {280} 21. Rc1 {158} Qb4 {195} 22. b3 {758}
Bxc3 {172} 23. Rxc3 {24} Qxe4 {10} 24. Rc4 {221} Qxf5 {53} 25. Bh6 {252} Rfe8 {
557} 26. Qc3 {99} f6 {175} 27. Rh4 {653} e6 {335} 28. Rf4 {70} exd5+ {3} 29.
Kf2 {34} d4 {715} 30. Qa5 {215} Re2+ {70} 31. Kg1 {31} Qd5 {255} 32. Rhxg4 {67}
d2 {31} 33. Qc7 {35} d1=Q+ {5} 34. Rf1 {22} Qxf1+ {61} 35. Kxf1 {2} Qf5+ {27}
36. Rf4 {30} Qb1+ {23} 37. Kxe2 {6} Re8+ 38. Kf3 {72} Qd1+ {30} 39. Kg3 {29}
Re3+ {40} 40. Rf3 {40} Rxf3+ {54} 41. Kh2 {35} Rh3+ {21} 42. gxh3 {7} Qe2+ {4}
43. Kg1 {43} Qe1+ {13} 44. Kg2 {21} Qe4+ {64} 45. Kf2 {50} Qh4+ {8} 46. Kg2 {24
} Qxh6 {2} 47. Qc8+ {7} Qf8 {20} 48. Qxa6 {2} Qe7 {14} 49. Qc4+ {6} Kg7 {5} 50.
a4 {25} Qe4+ {12} 51. Kf1 {10} Qf3+ {53} 52. Ke1 {11} Qg3+ {58} 53. Kd1 {15}
Qg1+ {21} 54. Kc2 {17} Qf2+ {12} 55. Kd1 {17} Qf3+ {13} 56. Kc2 {8} Qf2+ {82}
57. Kd1 {24} Qf3+ {115} 58. Kc2 {9} d5 {9} 59. Qxc5 {123} d3+ {6} 60. Kc3 {38}
Qe2 {85} 61. Qc7+ {36} Kh6 {25} 62. Qf4+ {17} Kg7 63. Qc7+ {6} Kh6 {5} 64. Qf4+
{2} Kh5 {30} 65. Qg4+ {61} Qxg4 {85} 66. hxg4+ {3} Kxg4 {7} 67. a5 {5} h5 {63}
68. a6 {10} f5 {20} 69. a7 {6} f4 {4} 70. a8=Q {10} g5 {8} 71. b4 {86} f3 {10}
72. Qxd5 {35} h4 {11} 73. Kxd3 {19} Kf4 {34} 74. Qd6+ {15} 1-0

[Event "Nordsjaelland Weekend EMT 2019"]
[Site "Allerod"]
[Date "2019.01.05"]
[Round "3.3"]
[White "Strange, Mikkel"]
[Black "Jakobsen, Peter"]
[Result "1/2-1/2"]
[WhiteElo "2364"]
[BlackElo "2174"]
[PlyCount "70"]
[EventDate "2019.??.??"]
[EventCountry "DEN"]

1. e4 {62} c5 {8} 2. c3 {18} d5 {6} 3. exd5 {5} Qxd5 {5} 4. d4 {6} Nf6 {15} 5.
Nf3 {8} e6 {23} 6. Na3 {16} Qd8 {281} 7. Nc2 {28} Nc6 {136} 8. Be2 {106} Be7 {
81} 9. O-O {8} O-O {11} 10. h3 {27} b6 {426} 11. Bf4 {139} Bb7 {28} 12. Qd2 {68
} cxd4 {307} 13. Ncxd4 {160} Nxd4 {92} 14. Nxd4 {177} Nd5 {550} 15. Bg3 {196}
Bd6 {866} 16. Bxd6 {76} Qxd6 {3} 17. Bf3 {43} Qe7 {86} 18. a4 {543} a6 {377}
19. Rfd1 {254} Rfd8 {237} 20. c4 {605} Nf6 {12} 21. Bxb7 {27} Qxb7 {8} 22. Qb4
{13} Qc7 {426} 23. b3 {195} a5 {484} 24. Qb5 {345} Rac8 {56} 25. Nf3 {699} Ne4
{246} 26. Rxd8+ {417} Rxd8 {173} 27. Qh5 {315} Nc5 {274} 28. Rb1 {150} Qf4 {94}
29. Qe5 {264} Qxe5 {34} 30. Nxe5 {4} f6 {46} 31. Nf3 {76} Rd3 {243} 32. b4 {42}
Nxa4 {9} 33. bxa5 {208} bxa5 {8} 34. Ra1 {81} Nb2 {21} 35. Rxa5 {91} Nxc4 {29}
1/2-1/2

[Event "Nordsjaelland Weekend EMT 2019"]
[Site "Allerod"]
[Date "2019.01.05"]
[Round "3.4"]
[White "Norgaard, Jesper"]
[Black "Hansen, Soren Bech"]
[Result "1/2-1/2"]
[WhiteElo "2322"]
[BlackElo "2240"]
[PlyCount "52"]
[EventDate "2019.??.??"]
[EventCountry "DEN"]

1. e4 {6376} c5 {17} 2. Nf3 {10} Nc6 {10} 3. d4 {9} cxd4 {12} 4. Nxd4 {6} Qb6 {
9} 5. Nb3 {27} Nf6 {8} 6. Nc3 {29} e6 {7} 7. Be3 {81} Qc7 {8} 8. f4 {73} Bb4 {
292} 9. Bd3 {526} d5 {47} 10. e5 {11} Ne4 {64} 11. Bxe4 {347} dxe4 {8} 12. O-O
{37} Bxc3 {146} 13. bxc3 {1} Ne7 {102} 14. Qd4 {1584} Qc6 {897} 15. Rad1 {126}
O-O {55} 16. Qc5 {11} Qe8 {854} 17. Qa3 {49} b6 {526} 18. Bxb6 {67} Ba6 {41}
19. Qxa6 {658} axb6 {8} 20. Qxb6 {6} Rxa2 {204} 21. Qd4 {630} Qa8 {568} 22.
Rfe1 {394} Rxc2 {85} 23. Qxe4 {202} Rxc3 {56} 24. Qxa8 {276} Rxa8 {51} 25. Nd4
{18} g6 {426} 26. g3 {143} Ra2 {165} 1/2-1/2

[Event "Nordsjaelland Weekend EMT 2019"]
[Site "Allerod"]
[Date "2019.01.05"]
[Round "3.5"]
[White "Stojanovski, Sandi"]
[Black "Vasli, Aref"]
[Result "0-1"]
[WhiteElo "2247"]
[BlackElo "2251"]
[PlyCount "130"]
[EventDate "2019.??.??"]
[EventCountry "DEN"]

1. c4 {4} e5 {30} 2. g3 {13} Nf6 {5} 3. Bg2 {29} Nc6 {29} 4. Nc3 {20} Bc5 {6}
5. d3 {14} O-O {14} 6. Nf3 {9} d6 {18} 7. O-O {31} Re8 {19} 8. a3 {138} a5 {22}
9. b3 {75} Bf5 {288} 10. Bb2 {928} Ba7 {473} 11. e3 {667} Qd7 {119} 12. Nd5 {
142} Nxd5 {34} 13. cxd5 {15} Ne7 {14} 14. e4 {341} Bg4 {86} 15. d4 {167} Ng6 {
706} 16. dxe5 {127} dxe5 {167} 17. Qc2 {497} Rac8 {311} 18. Rac1 {228} h5 {631}
19. Qd2 {183} a4 {150} 20. Qg5 {427} Kh7 {153} 21. Qd2 {431} f6 {5} 22. Qa5 {86
} Bb6 {13} 23. Qxa4 {75} Qxa4 {2} 24. bxa4 {10} Ra8 {31} 25. Rc4 {165} Ne7 {114
} 26. Rfc1 {80} Nc8 {31} 27. h3 {293} Bd7 {7} 28. Nh4 {376} Nd6 {16} 29. Rxc7 {
101} Bxc7 {11} 30. Rxc7 {4} Bxa4 {424} 31. Nf5 {11} Nxf5 {28} 32. exf5 {585}
Rec8 33. Rxb7 {37} Rab8 {1} 34. Rxb8 {32} Rxb8 {2} 35. Bc3 {10} Rb1+ {9} 36.
Kh2 {12} Bc2 {5} 37. g4 {103} h4 {28} 38. Bb4 {40} e4 {7} 39. d6 {67} Rd1 {14}
40. Bc5 {47} Rd5 {196} 41. Bb4 {12} Kg8 {411} 42. Kg1 {82} Rd1+ {13} 43. Kh2 {8
} Kf7 {1} 44. Bc5 {38} Rd5 {18} 45. Bb4 {13} Ke8 {66} 46. f3 {126} e3 {19} 47.
f4 {140} Rd2 {27} 48. Kg1 {34} Rd1+ {17} 49. Kh2 {28} Kd7 {323} 50. Bf3 {8}
Rd2+ {23} 51. Kg1 {5} Ba4 {35} 52. g5 {90} Bc2 {112} 53. Bg4 {126} Rd5 {42} 54.
Bf3 {55} Rd4 {11} 55. gxf6 {88} gxf6 {1} 56. Bc5 {51} Rc4 {197} 57. Bxe3 {4}
Kxd6 {8} 58. Bg4 {30} Be4 {54} 59. Kf1 {44} Kd5 {184} 60. Bf2 {76} Bd3+ {43}
61. Kg2 {43} Rc2 {73} 62. Kg1 {31} Rc1+ {29} 63. Kh2 {14} Ke4 {121} 64. Bxh4 {
16} Kxf4 {19} 65. Bxf6 {66} Be4 {27} 0-1

[Event "Nordsjaelland Weekend EMT 2019"]
[Site "Allerod"]
[Date "2019.01.05"]
[Round "3.6"]
[White "Hansen, Lars"]
[Black "Ostergaard, Jens"]
[Result "1/2-1/2"]
[WhiteElo "2206"]
[BlackElo "2181"]
[PlyCount "104"]
[EventDate "2019.??.??"]
[EventCountry "DEN"]

1. d4 {13} d5 {24} 2. c4 {6} c6 {15} 3. cxd5 {4} cxd5 {5} 4. Bg5 {2} Qb6 {672}
5. Nc3 {22} e6 {43} 6. Rb1 {66} Nc6 {541} 7. e3 {33} Be7 {141} 8. Bf4 {6} Nf6 {
185} 9. a3 {231} Bd7 {373} 10. Bd3 {19} Rc8 {122} 11. Nf3 {19} Nh5 {619} 12.
Be5 {105} Nxe5 {92} 13. Nxe5 {86} Nf6 {34} 14. O-O {280} a6 {266} 15. f4 {141}
Bd6 {503} 16. g4 {1174} g6 {92} 17. Qf3 {106} O-O {1081} 18. Rf2 {504} Bb5 {323
} 19. Bc2 {979} Bc4 {321} 20. Qh3 {497} Bb3 {185} 21. Bd3 {92} Bc4 {193} 22.
Nxc4 {36} dxc4 {6} 23. Bc2 {22} Rce8 {94} 24. g5 {696} Nh5 {82} 25. Bd1 {115}
Nxf4 {60} 26. exf4 {203} Qxd4 {6} 27. Qf3 {412} f5 {40} 28. Kg2 {55} Bc5 {14}
29. Re2 {102} Bd6 {72} 30. Rf2 {94} Bc5 {21} 31. Re2 {58} Bd6 {4} 32. Kg3 {24}
e5 {71} 33. fxe5 {82} Rxe5 {10} 34. Kg2 {33} Rfe8 {33} 35. Ba4 {68} b5 {44} 36.
Rd1 {3} Rxe2+ {9} 37. Nxe2 {10} Qe5 {26} 38. Ng3 {100} bxa4 {60} 39. Qc6 {41}
f4 {61} 40. Rd5 {39} f3+ {45} 41. Kxf3 {37} Rf8+ {6} 42. Kg2 {11} Qxb2+ {7} 43.
Kh3 {15} Bxg3 {25} 44. hxg3 {30} Qe2 {26} 45. Rd4 {66} Kh8 {70} 46. Qxc4 {32}
Qf3 {22} 47. Qd5 {33} Qxd5 {15} 48. Rxd5 {3} Rf3 {3} 49. Rd8+ {33} Kg7 {8} 50.
Rd7+ {9} Kg8 {43} 51. Rd8+ {6} Kg7 {10} 52. Rd7+ {3} Kg8 {7} 1/2-1/2

[Event "Nordsjaelland Weekend EMT 2019"]
[Site "Allerod"]
[Date "2019.01.05"]
[Round "3.7"]
[White "Kristensen, Kaare Hove"]
[Black "Jacobsen, Mikkel Manosri"]
[Result "0-1"]
[WhiteElo "2301"]
[BlackElo "2290"]
[PlyCount "110"]
[EventDate "2019.??.??"]
[EventCountry "DEN"]

1. e4 {43} c6 {17} 2. d4 {10} d5 {3} 3. exd5 {9} cxd5 {4} 4. c4 {60} Nf6 {6} 5.
Nc3 {4} g6 {45} 6. Nf3 {181} Bg7 {7} 7. Be2 {8} O-O {6} 8. O-O {6} Nc6 {92} 9.
Be3 {208} dxc4 {305} 10. d5 {752} Nb4 {268} 11. Bxc4 {101} b5 {192} 12. Bxb5 {
358} Nbxd5 {118} 13. Nxd5 {188} Nxd5 {42} 14. Bd4 {54} Bb7 {23} 15. Bxg7 {280}
Kxg7 {740} 16. Qd4+ f6 {200} 17. Rfd1 {706} Qd6 {134} 18. Bc4 {157} Rfd8 {135}
19. Rac1 {343} Bc6 {969} 20. Bb3 {142} e5 {222} 21. Qd2 {512} Bb7 {105} 22. h3
{395} Qb6 {166} 23. Bxd5 {52} Bxd5 {8} 24. Qc3 {79} Bxa2 {53} 25. Qc7+ {316}
Bf7 {61} 26. Rxd8 {155} Rxd8 {6} 27. Qe7 {128} Re8 {1116} 28. Qd7 {4} Rd8 {570}
29. Qe7 {9} Qd6 {9} 30. Qxa7 {52} Rd7 {342} 31. Qe3 {13} Rb7 {6} 32. Qe2 {78}
Qb4 {47} 33. Rc2 {89} Ra7 {190} 34. Qd2 {109} Ra1+ {65} 35. Kh2 {8} Qb8 {36}
36. Ng1 {119} Rb1 {292} 37. Qd7 {39} Rxb2 {20} 38. Rc7 {17} Qb3 {33} 39. f3 {35
} Qa2 {46} 40. Kh1 {14} Rd2 {62} 41. Qe7 {13} Qd5 {49} 42. Ra7 {67} h5 {39} 43.
Ra6 {26} Qd8 {10} 44. Qxd8 {12} Rxd8 {3} 45. Ra1 {48} h4 {29} 46. Re1 {9} Rd3 {
34} 47. Kh2 {16} Bd5 {26} 48. Re2 {15} g5 {23} 49. Rb2 {36} Kg6 {41} 50. Ne2 {
20} f5 {180} 51. Kg1 {29} e4 {8} 52. fxe4 {28} fxe4 {9} 53. Kf2 {85} e3+ {11}
54. Ke1 {15} Bxg2 {17} 55. Nc1 {67} Rd2 0-1

[Event "Nordsjaelland Weekend EMT 2019"]
[Site "Allerod"]
[Date "2019.01.06"]
[Round "4.1"]
[White "Antonsen, Mikkel"]
[Black "Hoi, Carsten"]
[Result "1-0"]
[WhiteElo "2433"]
[BlackElo "2413"]
[PlyCount "73"]
[EventDate "2019.??.??"]
[EventCountry "DEN"]

1. d4 {3} Nf6 {241} 2. c4 {15} g6 {30} 3. Nc3 {4} Bg7 {55} 4. e4 {4} d6 {7} 5.
h3 {5} O-O {13} 6. Be3 {5} c5 {314} 7. Nf3 {62} cxd4 {222} 8. Nxd4 {32} b6 {64}
9. Qd2 {7} Bb7 {48} 10. f3 {13} Nbd7 {108} 11. O-O-O {192} a6 {190} 12. h4 {79}
h5 {245} 13. g4 {288} e6 {537} 14. Bh6 {32} Rc8 {322} 15. gxh5 {545} Nxh5 {62}
16. Rg1 {42} Ne5 {1387} 17. Bxg7 {237} Kxg7 {123} 18. f4 {18} Nxc4 {61} 19.
Bxc4 {82} Rxc4 {7} 20. f5 {92} Qf6 {115} 21. Nxe6+ {39} fxe6 {318} 22. Rxg6+ {9
} Qxg6 {42} 23. fxg6 {6} d5 {612} 24. exd5 {388} Bxd5 {24} 25. Kb1 {8} Nf6 {12}
26. h5 {55} Rh4 {228} 27. Nxd5 {18} exd5 {8} 28. Qf2 {285} Rxh5 {36} 29. Qxb6 {
6} Kxg6 {183} 30. Qxa6 {37} Rg5 {19} 31. Qd6 {66} Rf7 {41} 32. Rf1 {92} Rf5 {86
} 33. Rg1+ {35} Rg5 {23} 34. Rxg5+ {50} Kxg5 {1} 35. Qe5+ {11} Kg6 {7} 36. a4 {
13} Rd7 {25} 37. Qd4 {88} 1-0

[Event "Nordsjaelland Weekend EMT 2019"]
[Site "Allerod"]
[Date "2019.01.06"]
[Round "4.2"]
[White "Jakobsen, Peter"]
[Black "Hector, Jonny"]
[Result "1-0"]
[WhiteElo "2174"]
[BlackElo "2492"]
[PlyCount "67"]
[EventDate "2019.??.??"]
[EventCountry "DEN"]

1. e4 {3} e5 {10} 2. Nf3 {8} Nc6 {7} 3. d4 {6} exd4 {11} 4. Bc4 {7} Nf6 {65} 5.
e5 {8} d5 {200} 6. Bb5 {8} Nd7 {13} 7. O-O {595} Be7 {16} 8. Re1 {613} O-O {127
} 9. Bxc6 {983} bxc6 {16} 10. Nxd4 {349} Nb8 {22} 11. Qf3 {339} f6 {685} 12. e6
{70} g6 {756} 13. Bh6 {117} Re8 {10} 14. Nc3 {306} Bc5 {291} 15. Nxc6 {1441}
Nxc6 {12} 16. Nxd5 {6} Bd4 {191} 17. e7 {301} Qd6 {112} 18. Bf4 {215} Qc5 {1224
} 19. Nxc7 {22} Bd7 {621} 20. Nxa8 {122} Rxa8 {216} 21. c3 {182} Be5 {38} 22.
Bxe5 {81} fxe5 {2} 23. Rad1 {55} Bf5 {112} 24. b4 {141} Qb5 {589} 25. Rd8+ {25}
Rxd8 {67} 26. Qxc6 {8} Qxc6 {19} 27. exd8=Q+ {8} Kf7 {12} 28. Rxe5 {59} Be6 {33
} 29. Qd4 {80} a6 {40} 30. Rc5 {56} Qb7 {81} 31. a4 {23} h5 {148} 32. h4 {21}
Bb3 {114} 33. Qf4+ {19} Kg8 {14} 34. Rc7 {88} 1-0

[Event "Nordsjaelland Weekend EMT 2019"]
[Site "Allerod"]
[Date "2019.01.06"]
[Round "4.3"]
[White "Vasli, Aref"]
[Black "Strange, Mikkel"]
[Result "1-0"]
[WhiteElo "2251"]
[BlackElo "2364"]
[PlyCount "81"]
[EventDate "2019.??.??"]
[EventCountry "DEN"]

1. Nf3 {41} d5 {9} 2. g3 {7} c5 {6} 3. Bg2 {6} Nc6 {4} 4. c4 {11} e6 {6} 5. O-O
{21} Nf6 {7} 6. cxd5 {320} exd5 {7} 7. d4 {4} Be7 {6} 8. Nc3 {125} O-O {6} 9.
dxc5 {372} Bxc5 {9} 10. Na4 {7} Be7 {55} 11. Be3 {124} Re8 {156} 12. Rc1 {131}
Bg4 {110} 13. Nc5 {503} Qb6 {85} 14. Nb3 {667} Qa6 {129} 15. a3 {20} Rac8 {199}
16. Re1 {156} h6 {228} 17. h3 {674} Bf5 {148} 18. Nfd4 {188} Be4 {43} 19. Nxc6
{763} Rxc6 {120} 20. Rxc6 {76} bxc6 {145} 21. Bxe4 {239} Nxe4 {112} 22. Qd3 {6}
Qa4 {182} 23. Rc1 {9} Rb8 {306} 24. Nd4 {214} Rc8 {1022} 25. b3 {252} Qxa3 {72}
26. Nb5 {484} Qa2 {609} 27. Nxa7 {27} Rc7 {140} 28. Nxc6 {72} Ba3 {229} 29. Rc2
{428} Qb1+ {23} 30. Kg2 {6} Bf8 {5} 31. b4 {86} Rb7 {153} 32. Rc1 {103} Qa2 {
146} 33. b5 {14} Nd6 {112} 34. Rc5 {77} Nc4 {267} 35. Rxd5 {22} Nxe3+ {15} 36.
fxe3 {2} g6 {149} 37. Rd8 {19} Qb2 {111} 38. Rb8 {103} Rd7 {286} 39. Nd4 {18}
Rd6 {6} 40. Qe4 {85} Kg7 {553} 41. Qe5+ {15} 1-0

[Event "Nordsjaelland Weekend EMT 2019"]
[Site "Allerod"]
[Date "2019.01.06"]
[Round "4.4"]
[White "Ramsdal, Jens Albert"]
[Black "Norgaard, Jesper"]
[Result "0-1"]
[WhiteElo "2211"]
[BlackElo "2322"]
[PlyCount "92"]
[EventDate "2019.??.??"]
[EventCountry "DEN"]

1. Nf3 {80} Nf6 {10} 2. g3 {6} g6 {64} 3. Bg2 {5} Bg7 {10} 4. c4 {37} d6 {138}
5. Nc3 {59} e5 {58} 6. d3 {6} O-O {10} 7. O-O {5} Nc6 {78} 8. Rb1 {78} a5 {207}
9. a3 {39} Bd7 {9} 10. b4 {40} axb4 {8} 11. axb4 {5} Qc8 {14} 12. b5 {741} Ne7
{10} 13. Bg5 {238} h6 {611} 14. Bxf6 {62} Bxf6 {1} 15. Nd2 {199} Bg7 {800} 16.
Ra1 {743} Rb8 {852} 17. b6 {703} e4 {983} 18. Rc1 {160} exd3 {28} 19. exd3 {3}
c6 {85} 20. d4 {1159} Qd8 {484} 21. d5 {50} cxd5 {150} 22. Nxd5 {40} Nxd5 {12}
23. Bxd5 {128} Qxb6 {345} 24. Ne4 {5} Bh3 {271} 25. Re1 {145} Kh8 {7} 26. Rb1 {
136} Qc7 {10} 27. Re3 {14} Bf5 {324} 28. g4 {163} Bd7 {17} 29. Nc3 {23} Rfe8 {
227} 30. Rd3 {1} f5 {234} 31. g5 {144} Bc6 {75} 32. gxh6 {20} Be5 {21} 33. Nb5
{234} Qe7 {6} 34. Qd2 {163} Qh4 {39} 35. Rg3 {1} Kh7 {54} 36. Rbb3 {48} Re7 {96
} 37. Nxd6 {102} Bxd6 {91} 38. Bxc6 {15} Bf4 {32} 39. Qb2 {228} Be5 {39} 40.
Qb1 {127} Qxc4 {30} 41. Bb5 {46} Qh4 {44} 42. Rh3 {61} Qg5+ 43. Kf1 {47} Rc8 {7
} 44. Rbe3 {32} Bf4 {87} 45. Rc3 {97} Rxc3 {51} 46. Rxc3 {2} Bxh2 {7} 0-1

[Event "Nordsjaelland Weekend EMT 2019"]
[Site "Allerod"]
[Date "2019.01.06"]
[Round "4.5"]
[White "Jacobsen, Mikkel Manosri"]
[Black "Stojanovski, Sandi"]
[Result "0-1"]
[WhiteElo "2290"]
[BlackElo "2247"]
[PlyCount "58"]
[EventDate "2019.??.??"]
[EventCountry "DEN"]

1. d4 {3} d5 {102} 2. Bf4 {32} Bf5 {22} 3. e3 {6} e6 {26} 4. c4 {82} Bb4+ {327}
5. Nc3 {14} Nf6 {30} 6. Qb3 {53} Nc6 {855} 7. a3 {262} Bxc3+ {7} 8. Qxc3 {4}
O-O {355} 9. f3 {121} Nh5 {240} 10. Bg3 {8} Nxg3 {222} 11. hxg3 {3} e5 {408}
12. Ne2 {841} Re8 {929} 13. Rd1 {973} e4 {397} 14. g4 {182} Bg6 {328} 15. Nf4 {
203} Qg5 {265} 16. Nxd5 {341} exf3 {172} 17. gxf3 {39} f5 {107} 18. f4 {344}
Qxg4 {87} 19. Nxc7 {105} Qxf4 {294} 20. Nxe8 {123} Rxe8 21. Kd2 {87} Qe4 {52}
22. Rh3 {334} f4 {42} 23. Re1 {124} Nxd4 {49} 24. Kc1 {454} Nb3+ {205} 25. Qxb3
{135} Rd8 {42} 26. Bd3 {90} Rxd3 {5} 27. Qc2 {4} Rd1+ {19} 28. Qxd1 {22} Qb1+ {
8} 29. Kd2 {20} Qxb2+ {10} 0-1

[Event "Nordsjaelland Weekend EMT 2019"]
[Site "Allerod"]
[Date "2019.01.06"]
[Round "4.6"]
[White "Hansen, Soren Bech"]
[Black "Hansen, Lars"]
[Result "0-1"]
[WhiteElo "2240"]
[BlackElo "2206"]
[PlyCount "82"]
[EventDate "2019.??.??"]
[EventCountry "DEN"]

1. e4 {54947} e6 {245} 2. d4 {21} d5 {4} 3. e5 {6} c5 {4} 4. c3 {4} Qb6 {12} 5.
Nf3 {5} Nc6 {5} 6. a3 {5} Nge7 {35} 7. b4 {72} cxd4 {7} 8. cxd4 {5} Nf5 {5} 9.
Bb2 {11} Bd7 {14} 10. Be2 {588} Be7 {8} 11. O-O {31} h5 {13} 12. Qd2 {315} g5 {
105} 13. Rd1 {50} g4 {14} 14. Ne1 {13} Rg8 {259} 15. Nc2 {221} Na5 {922} 16.
Qd3 {754} Rc8 {343} 17. Ra2 {229} Nc4 {576} 18. Nc3 {506} f6 {1826} 19. exf6 {
101} Bxf6 {6} 20. Ba1 {268} Qd6 {381} 21. Re1 {235} Kf8 {370} 22. a4 {219} Qf4
{57} 23. Nd1 {240} h4 {505} 24. g3 {282} Qh6 {8} 25. Nce3 {124} hxg3 {218} 26.
fxg3 {624} Nfxe3 {35} 27. Nf2 {22} Qh5 {107} 28. h3 {38} Qf5 {39} 29. hxg4 {57}
Qg5 {51} 30. Bf3 {54} Rh8 {24} 31. Rae2 {127} Qh6 {24} 32. Nd1 {58} Nxd1 {50}
33. Qxd1 {16} Bg5 {20} 34. Qd3 {392} Be3+ {43} 35. Kf1 {16} Nd2+ {50} 36. Rxd2
{21} Bxd2 {5} 37. Rd1 {62} Bg5 38. Bb2 {12} Kg7 {23} 39. Qe2 {132} Qh3+ {22}
40. Bg2 {23} Rcf8+ {27} 41. Kg1 {12} Qh2# {6} 0-1

[Event "Nordsjaelland Weekend EMT 2019"]
[Site "Allerod"]
[Date "2019.01.06"]
[Round "4.7"]
[White "Ostergaard, Jens"]
[Black "Hove, Esben Kjems"]
[Result "1/2-1/2"]
[WhiteElo "2181"]
[BlackElo "2280"]
[PlyCount "81"]
[EventDate "2019.??.??"]
[EventCountry "DEN"]

1. d4 {1} d5 {16} 2. Nf3 {6} Nf6 {53} 3. c4 {6} c6 {5} 4. Nbd2 {8} Bf5 {48} 5.
g3 {127} e6 {11} 6. Bg2 {46} h6 {89} 7. O-O {13} Be7 {62} 8. Ne5 {368} Nbd7 {68
} 9. Nxd7 {358} Qxd7 {20} 10. Nf3 {383} O-O {148} 11. Bf4 {279} Qd8 {51} 12. c5
{444} Nd7 {241} 13. b4 {190} a5 {354} 14. a3 {237} g5 {1003} 15. Bd2 {568} axb4
{70} 16. axb4 {16} Bf6 {196} 17. Bc3 {37} b6 {181} 18. Qd2 {453} Qc7 {323} 19.
Kh1 {890} bxc5 {691} 20. bxc5 {19} Rxa1 {35} 21. Rxa1 {353} Rb8 {31} 22. h4 {
312} gxh4 {589} 23. g4 {106} Bg6 {624} 24. Qxh6 {186} Nxc5 {92} 25. Nxh4 {308}
Ne4 {74} 26. Bxe4 {301} Bxe4+ {50} 27. f3 {21} Bg7 {98} 28. Qg5 {42} Bh7 {443}
29. Ng2 {66} Qd8 {86} 30. Qxd8+ {51} Rxd8 {7} 31. Ra3 {69} Rb8 {77} 32. Kg1 {31
} Bf8 {144} 33. Ra6 {25} c5 {95} 34. dxc5 {84} Bxc5+ {5} 35. e3 {56} Bd3 {26}
36. Rc6 {15} Bf8 {38} 37. Be5 {25} Bb5 {165} 38. Rxe6 {67} Rb7 {3} 39. Rf6 {9}
Bg7 {5} 40. Re6 {1} Bf8 {46} 41. Rf6 1/2-1/2

[Event "Nordsjaelland Weekend EMT 2019"]
[Site "Allerod"]
[Date "2019.01.06"]
[Round "5.1"]
[White "Antonsen, Mikkel"]
[Black "Jakobsen, Peter"]
[Result "1/2-1/2"]
[WhiteElo "2433"]
[BlackElo "2174"]
[PlyCount "37"]
[EventDate "2019.??.??"]
[EventCountry "DEN"]

1. d4 {3} Nf6 {5} 2. c4 {3} e6 {5} 3. Nf3 {9} b6 {5} 4. g3 {3} Ba6 {6} 5. Nbd2
{4} Bb4 {36} 6. Qa4 {8} c5 {261} 7. a3 {9} Bxd2+ {18} 8. Bxd2 {4} cxd4 {289} 9.
Bg2 {6} Bb7 {26} 10. O-O {13} Bc6 {379} 11. Qb3 {54} Bxf3 {69} 12. Qxf3 {5} Nc6
{13} 13. e3 {10} Rc8 {344} 14. exd4 {79} Nxd4 {19} 15. Qd3 {12} Nc6 {89} 16.
Bc3 {96} O-O {353} 17. Rfd1 {283} d5 {149} 18. cxd5 {140} Nxd5 {88} 19. Bxd5 {
11} 1/2-1/2